000 01060nam a22003377a 4500
001 0014978
003 KOHA_MİRAKIL
005 20260207002013.0
007 ta
008 100310b1989 tu |||gr||||#||||0|tur |
020 _a9754480192
040 _aTR-BiSEU
_btur
_cTR-BiSEU
_erda
041 0 _atur
044 _ctu
050 _aKKX120
_b.C55 1989
100 1 _aCin, Halil.
245 1 _aTürk hukuk tarihi/
_cHalil Cin ; Halil Cin, Ahmet Akgündüz.
264 1 _aKonya :
_bSelçuk Ünv. Hukuk Fak.
_c1989
300 _a2 c.; 25 cm.
336 _ametin
_btxt
_2rdacontent
337 _aaracısız
_bn
_2rdamedia
338 _acilt
_bnc
_2rdacarrier
490 1 _aSelçuk Üniversitesi yayınları ;
_vno :59.
490 1 _aHukuk Fakültesi yayınları ;
_vno : 5
500 _aKaynakça ve dizin var.
650 0 _aLaw--History--Turkey.
_913280
650 0 _aHukuk--Tarih--Türkiye.
_913278
830 1 _aSelçuk Üniversitesi yayınları ;
_vno :59.
_914248
830 1 _aHukuk Fakültesi yayınları ;
_vno : 5
_912817
942 _2lcc
_cBK
999 _c14941
_d14941